000
00339nam a2200145Ia 4500
008
230718s9999 xx 000 0 und d
041
_a
Eng.
082
_a
1900
_b
KHA-I
100
_a
Khalidi Omar
245
0
_a
Indian Muslims Since Indepe
260
_a
Pakistan
_b
Service book Club
_c
1988
300
_a
246
650
_a
Law
999
_c
26851
_d
26851